Państwa nad Oceanem Atlantyckim - nagła śmierć - Statystyki

Ogólne statystyki
  • Ten quiz został rozwiązany 123 razy
    122 od ostatniego zresetowania
  • Średni wynik to 9 z 20
Answers on the Grid
Answers color-coded by a green-red scale on the quiz's grid according to % correct below.
Arabia Saudyjska
Argentyna
Australia
Burundi
Chiny
Czad
Estonia
Etiopia
Fidżi
Gwinea Bissau
Indie
Indonezja
Jamajka
Japonia
Kamerun
Katar
Komory
Korea Północna
Kuba
Laos
Liban
Liberia
Malediwy
Mali
Malta
Mauretania
Namibia
Nigeria
Oman
Pakistan
Paragwaj
Polska
Republika Środkowoafrykańska
Rwanda
Salwador
Samoa
Senegal
Somalia
Stany Zjednoczone
Tajlandia
Tonga
Tuvalu
Uganda
Ukraina
Urugwaj
Uzbekistan
Wietnam
Włochy
Wybrzeże Kości Słoniowej
Wyspy Świętego Tomasza i Książęca
 
Statystyki odpowiedzi
Odpowiedź % Poprawnych
Argentyna
77%
Jamajka
66%
Kuba
66%
Stany Zjednoczone
57%
Gwinea Bissau
53%
Wybrzeże Kości Słoniowej
52%
Wyspy Świętego Tomasza i Książęca
52%
Urugwaj
47%
Liberia
45%
Senegal
45%
Kamerun
43%
Estonia
38%
Malta
36%
Namibia
36%
Nigeria
35%
Mauretania
34%
Włochy
34%
Liban
31%
Polska
31%
Ukraina
19%
Nie znaleziono quizów pasujących do podanych kryteriów
Rozkład punktacji
Procent ludzi z każdym wynikiem
Percentyl według liczby udzielonych odpowiedzi
Twoja historia wyników
Nie rozwiązałeś tego quizu od ostatniego zresetowania